| 000 | 00449nam a22001697a 4500 | ||
|---|---|---|---|
| 003 | CEME | ||
| 005 | 20210628203308.0 | ||
| 008 | 210122b xxu||||| |||| 00| 0 eng d | ||
| 040 | _c. | ||
| 082 | _a297 MAU | ||
| 100 |
_aSyed Abul Ala Moududi, Moududi, Abul Alla _964535 |
||
| 245 | _aKhalafat-o-molookiaat | ||
| 260 |
_aLAHORE _bISLAMIC PUBLICATIONS _c2005 |
||
| 300 | _a373 P | ||
| 650 |
_aISLAM-KHALAFAT-O-MOLOOKIAAT _964536 |
||
| 942 |
_cBK _2ddc |
||
| 999 |
_c572994 _d572994 |
||